00771 2200265 4500001002100000005001700021008004100038035002400079082001000103090002000113100003000133245011300163250001100276260003500287300001800322500003700340650001200377700001800389711003200407850001500439985000600454999001500460999001500475999001500490YOGYA-0209000002944820090227024336.0 ind  0010-020900000029448 a297.2 a297.2bMug AlT aMUGHNIYAH, Muhammad Jawad aAkhirat dan akalcMuhammad Jawad Mughniyah; penerjemah Shabahussurur; penyunting Tim Redaksi Pustaka Hidayah aCet. 1 aBandungbPustaka Hidayahc1994 a95 hlmc19 cm aJudul asli: Al-Akhirah wa Al-Aql aAkhirat aShabahussurur aTim Redaksi Pustaka Hidayah aYOPDYOG(B) a3 a98P0114941 a98P0114942 a98P0114943